Origin of Indo-Europeans / (Record no. 37225)
[ view plain ]
| 000 -LEADER | |
|---|---|
| fixed length control field | 00844nam a22002297a 4500 |
| 005 - DATE AND TIME OF LATEST TRANSACTION | |
| control field | 20100722143734.0 |
| 010 ## - LCCN (DPL NO) | |
| LC control number | ENG-96604 |
| 020 ## - INTERNATIONAL STANDARD BOOK NUMBER | |
| International Standard Book Number | 8187710500 |
| Terms of availability | 400.00 |
| 020 ## - INTERNATIONAL STANDARD BOOK NUMBER | |
| International Standard Book Number | 9788187710509 |
| Terms of availability | 400.00 |
| 035 ## - SYSTEM CONTROL NUMBER | |
| System control number | EN-80137 |
| 037 ## - SOURCE OF ACQUISITION | |
| Source of stock number/acquisition | DBAD/PUB |
| 082 ## - DEWEY DECIMAL CLASSIFICATION NUMBER | |
| Classification number | 930.1 |
| 100 ## - MAIN ENTRY--PERSONAL NAME | |
| Personal name | Arya, Ravi Prakash |
| 245 ## - TITLE STATEMENT | |
| Title | Origin of Indo-Europeans / |
| Statement of responsibility, etc | by Ravi Prakash Arya [and] Joseph Skulj |
| Medium | ENG |
| 260 ## - PUBLICATION, DISTRIBUTION, ETC. (IMPRINT) | |
| Place of publication, distribution, etc | Haryana |
| Name of publisher, distributor, etc | Indian foundation for vedic science |
| Date of publication, distribution, etc | 2009 |
| 270 ## - ADDRESS | |
| Address | H.O.1051 , Sector- 1, Rohtak, |
| City | Haryana |
| Telephone number | 01262-292580 |
| Electronic mail address | vedicscience@rediffmail.com |
| 300 ## - PHYSICAL DESCRIPTION | |
| Extent | 140p. |
| Dimensions | 22cm, (pbk) |
| 500 ## - GENERAL NOTE | |
| General note | includes references |
| 700 ## - ADDED ENTRY--PERSONAL NAME | |
| Personal name | Skulj, Joseph |
| 9 (RLIN) | 738 |
| 942 ## - ADDED ENTRY ELEMENTS (KOHA) | |
| Source of classification or shelving scheme | Dewey Decimal Classification |
| Item type | English Books |
| Call number suffix | ARY |
| Classification part | 930.1 |
| Withdrawn status | Lost status | Not for loan | Collection code | Home library | Current library | Date acquired | Source of acquisition | Cost, normal purchase price | Full call number | Barcode | Copy number | Cost, replacement price | Koha item type |
|---|---|---|---|---|---|---|---|---|---|---|---|---|---|
| Not For Loan | Non-fiction | D.B.Act.Division | D.B.Act.Division | 22/07/2010 | DBAD/PUB | 400.00 | ARY | EN-80137 | 1 | 400.00 | English Books |
